[Event "SVK-ch U14 Girls"]
[Site "Stara Lubovna"]
[Date "2022.05.28"]
[Round "9"]
[White "Szotkovska, Natalia"]
[Black "Sosovickova, Martina"]
[Result "0-1"]
[WhiteElo "1159"]
[BlackElo "1732"]
[PlyCount "36"]
[EventDate "2022.05.21"]
[EventType "swiss"]
[EventRounds "9"]
[EventCountry "SVK"]
[SourceTitle "CBM 208 Extra"]
[Source "ChessBase"]
[SourceDate "2022.07.31"]
[SourceVersion "1"]
[SourceVersionDate "2022.07.31"]
[SourceQuality "1"]

1. e4 e5 2. Nf3 Nc6 3. Bb5 f5 4. Bxc6 bxc6 5. d3 d6 6. Nc3 Nf6 7. Bg5 f4 8. h3 Be7 9. Bxf6 Bxf6 10. d4 Qe7 11. dxe5 dxe5 12. Nh2 0-0 13. Ng4 Ba6 14. Nxf6+ Rxf6 15. Qf3 Rd8 16. Rd1 Rfd6 17. Rxd6 Qxd6 18. a3 Qd2# 0-1

[Event "SVK-ch U14 Girls"]
[Site "Stara Lubovna"]
[Date "2021.07.03"]
[Round "9"]
[White "Szotkovska, Natalia"]
[Black "Ruzova, Valeria"]
[Result "1-0"]
[WhiteElo "1000"]
[BlackElo "1095"]
[PlyCount "43"]
[EventDate "2021.06.26"]
[EventType "swiss"]
[EventRounds "9"]
[EventCountry "SVK"]
[SourceTitle "CBM 203 Extra"]
[Source "ChessBase"]
[SourceDate "2021.09.30"]
[SourceVersion "1"]
[SourceVersionDate "2021.09.30"]
[SourceQuality "1"]

1. e4 e5 2. Nf3 Nc6 3. Bc4 Nf6 4. Ng5 Qe7 5. Nxf7 Rg8 6. Nd6+ Qxd6 7. Bxg8 Nxg8 8. 0-0 Qe7 9. Nc3 d6 10. d3 Nf6 11. Re1 Be6 12. Be3 0-0-0 13. d4 Qd7 14. d5 Bh3 15. dxc6 Qe6 16. cxb7+ Kxb7 17. a3 Nxe4 18. Qf3 Bf5 19. Nxe4 Qg6 20. Nxd6+ Ka6 21. Qc6+ Ka5 22. Bd2# 1-0

[Event "SVK-ch U14 Girls"]
[Site "Stara Lubovna"]
[Date "2021.06.28"]
[Round "4"]
[White "Szotkovska, Natalia"]
[Black "Kapolkova, Greta"]
[Result "0-1"]
[WhiteElo "1000"]
[BlackElo "1472"]
[PlyCount "121"]
[EventDate "2021.06.26"]
[EventType "swiss"]
[EventRounds "9"]
[EventCountry "SVK"]
[SourceTitle "CBM 203 Extra"]
[Source "ChessBase"]
[SourceDate "2021.09.30"]
[SourceVersion "1"]
[SourceVersionDate "2021.09.30"]
[SourceQuality "1"]

1. Nf3 Nc6 2. e4 e5 3. Nc3 Nf6 4. d4 exd4 5. Nxd4 Bb4 6. Nxc6 Bxc3+ 7. bxc3 bxc6 8. Bd3 d6 9. 0-0 0-0 10. Re1 Re8 11. Bf4 Bg4 12. f3 Bd7 13. e5 Nh5 14. Qd2 Nxf4 15. Qxf4 Bc8 16. exd6 Rxe1+ 17. Rxe1 cxd6 18. Rd1 Be6 19. Qxd6 Qxd6 20. Bxh7+ Kxh7 21. Rxd6 Rc8 22. a3 Bd5 23. Kf2 Kg8 24. Rd7 a6 25. Ke3 Bc4 26. g3 Kf8 27. Rd4 Bf1 28. g4 Re8+ 29. Re4 Rxe4+ 30. Kxe4 Ke7 31. h4 Be2 32. Ke3 Bd1 33. a4 Bxc2 34. a5 Ke6 35. f4 Bd1 36. g5 g6 37. Kd4 Kd6 38. c4 Bc2 39. Kc3 Bd1 40. Kd2 Bg4 41. Kd3 Kc5 42. Kc3 Be6 43. Kb3 Bxc4+ 44. Kc3 Kb5 45. f5 Bd5 46. Kd4 Kxa5 47. Ke5 Kb4 48. Kf6 Be4 49. Kxf7 Bxf5 50. Kg7 a5 51. Kh6 a4 52. h5 gxh5 53. Kxh5 a3 54. g6 Bxg6+ 55. Kxg6 a2 56. Kf7 a1Q 57. Ke6 Qd4 58. Kf7 Qd6 59. Kg7 Qe6 60. Kh8 Qe7 61. Kg8 0-1